[Event "10th Metalis Open"]
[Site "Bizovac CRO"]
[Date "2003.02.28"]
[Round "5"]
[White "Krkljes,S"]
[Black "Ascic,P"]
[Result "0-1"]
[WhiteElo "2132"]
[BlackElo "2310"]

1.c4 e5 2.g3 Nf6 3.Bg2 Nc6 4.Nc3 Be7 5.Nf3 O-O 6.O-O d6 7.d4 Qe8 8.d5 Nb8
9.h3 a5 10.b3 Bd7 11.e4 Na6 12.Be3 b6 13.Nd2 Qc8 14.Kh2 Ne8 15.a3 Bf6 16.Ne2 g6
17.g4 Qd8 18.Ra2 Ng7 19.Ng3 Nc5 20.Nf3 Be7 21.Bh6 f6 22.Ne1 Rf7 23.f4 b5
24.Raf2 bxc4 25.fxe5 dxe5 26.bxc4 Ba4 27.Qd2 Qd6 28.g5 Be8 29.h4 a4 30.Nc2 Nb3
31.Qc3 fxg5 32.hxg5 Rxf2 33.Rxf2 Bd7 34.Bxg7 Kxg7 35.Nf5+ gxf5 36.exf5 Bxg5
37.c5 Nxc5 38.Qg3 e4 39.f6+ Kf7  0-1

[Event "Edda Rapid"]
[Site "Reykjavic ISL"]
[Date "2003.03.03"]
[Round "1"]
[White "Ingason,S"]
[Black "Halldorsson,Br"]
[Result "0-1"]
[WhiteElo "1966"]
[BlackElo "2239"]

1.c4 e5 2.g3 Nf6 3.Bg2 d5 4.cxd5 Nxd5 5.Nf3 Nc6 6.O-O Be7 7.d4 exd4 8.Nxd4 Nxd4
9.Qxd4 Nf6 10.Qxd8+ Bxd8 11.Nc3 O-O 12.e4 Re8 13.Bf4 c6 14.Rad1 Be6 15.e5 Nd7
16.Rfe1 Bb6 17.b3 Ba5 18.Bd2 Bf5 19.f4 Nc5 20.Ne4 Bb6 21.Nxc5 Bxc5+ 22.Be3 Bxe3+
23.Rxe3 Rad8 24.Ree1 Bc2 25.Rxd8 Rxd8 26.Re2 Rd1+ 27.Kf2 Bd3 28.Rb2 Kf8 29.Bf3 Ra1
30.Be2 Rh1 31.Kg2 Be4+ 32.Bf3 Bxf3+ 33.Kxf3 Rd1 34.b4 Ke7 35.a4 Ke6 36.b5 c5
37.Rb3 Ra1 38.Rd3 Rxa4 39.Rd6+ Ke7 40.Rd5 b6 41.f5 Rb4  0-1

[Event "57th ch-POL w"]
[Site "Sroda Wlkp POL"]
[Date "2003.03.05"]
[Round "7"]
[White "Pokojska,D"]
[Black "Kupczyk,E"]
[Result "1/2-1/2"]
[WhiteElo "2084"]
[BlackElo "2091"]

1.c4 e5 2.g3 g6 3.Bg2 Bg7 4.Nc3 Nc6 5.d3 d6 6.e3 f5 7.Nge2 Nf6 8.f4 O-O 9.O-O Be6
10.Rb1 Qd7 11.b4  1/2-1/2

[Event "1st Breizh Masters"]
[Site "Guingamp FRA"]
[Date "2003.03.08"]
[Round "9"]
[White "Velikov,P"]
[Black "Tripoteau,N"]
[Result "1-0"]
[WhiteElo "2435"]
[BlackElo "2262"]

1.c4 e5 2.g3 g6 3.Bg2 Bg7 4.Nc3 Nc6 5.Rb1 f5 6.e3 d6 7.d3 Nf6 8.Nge2 O-O
9.O-O g5 10.f4 h6 11.Qd2 Ne7 12.b3 Ng6 13.Bb2 c6 14.Rbe1 Re8 15.Nd1 d5 16.cxd5 Nxd5
17.fxg5 Qxg5 18.Bc1 Be6 19.e4 Qxd2 20.Bxd2 fxe4 21.dxe4 Nc7 22.Ne3 Kh7 23.Nf5 Bf8
24.Nc3 Rad8 25.Be3 Rd3 26.Nd1 c5 27.Nf2 Rd4 28.Ng4 Red8 29.Nf6+ Kh8 30.Bxd4 cxd4
31.Rc1 Nb5 32.Nd5 Bxd5 33.exd5 Nc3 34.Rfe1 Bc5 35.Kh1 Kh7 36.h4 Rf8 37.Rxc3 dxc3
38.Be4 Kh8 39.Rc1 Ne7 40.Nxe7 Bxe7 41.Rxc3 Bd6 42.Kg2 Kg7 43.a4 h5 44.Rc4 a5
45.Bd3 Kf7 46.Bf5 Kf6 47.Be6 Ke7 48.Re4 Rf6 49.g4 hxg4 50.Rxg4 Rf4 51.Rxf4 exf4
52.Kf3 Kf6 53.Ke4 Kg6 54.Bg4 Kf6 55.Bc8 b6 56.Bg4 Bc7 57.Bf3 Bd6 58.Kd4 Bc5+
59.Kc4 Ke7 60.h5  1-0

[Event "19th Spring Fest"]
[Site "Budapest HUN"]
[Date "2003.03.14"]
[Round "1"]
[White "Metaxasz,V"]
[Black "Galyas,M"]
[Result "0-1"]
[WhiteElo "2125"]
[BlackElo "2413"]

1.c4 e5 2.g3 f5 3.Bg2 Nf6 4.Nc3 Nc6 5.d3 Bc5 6.e3 O-O 7.Nge2 d6 8.O-O Qe8
9.a3 a6 10.d4 Ba7 11.b4 Kh8 12.Rb1 exd4 13.exd4 Ne4 14.c5 Bd7 15.Be3 Ne7
16.Nxe4 fxe4 17.Bxe4 Nf5 18.Qd3 Bb5  0-1

[Event "TCh-FIN 2002-3"]
[Site "Finland FIN"]
[Date "2003.03.15"]
[Round "8"]
[White "Hentunen,A"]
[Black "Nippula,T"]
[Result "1/2-1/2"]
[WhiteElo "2322"]
[BlackElo "2221"]

1.c4 e5 2.g3 Nc6 3.Bg2 Nf6 4.Nc3 Bb4 5.Nd5 a5 6.e3 O-O 7.Ne2 Nxd5 8.cxd5 Ne7
9.O-O c6 10.d4 exd4 11.e4 cxd5 12.exd5 d6 13.Nxd4 Nf5 14.a3 Bc5 15.Nb3 Ba7
16.Bd2 a4 17.Nc1 Bd4 18.Bc3 Bxc3 19.bxc3 Qa5 20.Qd3 Nh6 21.Ne2 Qc5 22.Nd4 Ng4
23.Rfb1 Ne5 24.Qc2 Ra5 25.Rb4 b5 26.Nc6 Nxc6 27.dxc6 Be6 28.Qd3 d5 29.Rd4 Qxc6
30.Bxd5 Qc5 31.Bxe6 fxe6 32.Ra2 Ra6 33.Rd7 Rc6 34.Rb2 Qxc3 35.Qxc3 Rxc3 36.Rxb5 Rc1+
37.Kg2 Rc2 38.Rbb7 Rfxf2+ 39.Kg1 Rg2+ 40.Kf1 Rcf2+ 41.Ke1 Rxh2 42.Rxg7+ Kf8
43.Rgc7 Kg8 44.Rg7+  1/2-1/2

[Event "19th Spring Fest"]
[Site "Budapest HUN"]
[Date "2003.03.16"]
[Round "3"]
[White "Habibi,Al"]
[Black "Galyas,M"]
[Result "1/2-1/2"]
[WhiteElo "2276"]
[BlackElo "2413"]

1.c4 e5 2.g3 Nf6 3.Bg2 Nc6 4.Nf3 Bc5 5.O-O d6 6.Nc3 O-O 7.a3 a5 8.d3 h6 9.Rb1 Bf5
10.Nh4 Bh7 11.e4 Nd4 12.b4 axb4 13.axb4 Ba7 14.Kh1 c6 15.Be3 b5 16.cxb5 Nxb5
17.Bd2 Bb6 18.Na4 Bd4 19.Rc1 Ra6 20.Nf3 Qa8 21.Nc3 Bxc3 22.Bxc3 Nxc3 23.Rxc3 Rb8
24.Rc4 Rab6 25.Qa1 Qxa1 26.Rxa1 Bg6 27.Rac1 Rxb4 28.Rxc6 Rb1 29.h3 Rxc1+  1/2-1/2

[Event "TSGM March"]
[Site "Subotica YUG"]
[Date "2003.03.25"]
[Round "4"]
[White "Drazic,S"]
[Black "Pilgaard,K"]
[Result "1-0"]
[WhiteElo "2462"]
[BlackElo "2437"]

1.g3 e5 2.c4 Nf6 3.Bg2 d5 4.cxd5 Nxd5 5.Nf3 Nc6 6.O-O Nb6 7.b3 Be7 8.Bb2 f6
9.Nc3 O-O 10.Rc1 f5 11.d3 Bf6 12.Nd2 Nd4 13.Na4 c6 14.e3 Nb5 15.Nc5 Nd5 16.a4 Nbc7
17.e4 Ne7 18.exf5 Nxf5 19.Nf3 Nd4 20.Nxd4 exd4 21.b4 Kh8 22.Ne4 Be7 23.Rc4 Be6
24.Rxd4 Bd5 25.Qg4 Rg8 26.Ba1 a5 27.h4 axb4 28.Ng5 Qe8 29.Re4 Bxe4 30.Bxe4 Bxg5
31.hxg5 Ne6 32.Kg2 Ra5 33.f4 Rf8 34.Rh1 Kg8 35.Bxh7+ Kf7 36.Bg6+ Kxg6 37.Qh5+ Kf5
38.g6+ Ng5 39.Qxg5+ Ke6 40.Qxa5 Qxg6 41.Qxb4 Qxd3 42.Re1+  1-0

[Event "Classics GM"]
[Site "Gausdal NOR"]
[Date "2003.04.04"]
[Round "2"]
[White "Lie,K"]
[Black "Westerinen,H"]
[Result "1-0"]
[WhiteElo "2430"]
[BlackElo "2360"]

1.c4 e5 2.g3 Nc6 3.Bg2 g6 4.Nc3 Bg7 5.e4 d6 6.Nge2 Be6 7.Nd5 Nd4 8.Nxd4 exd4
9.d3 c6 10.Nf4 Nf6 11.Nxe6 fxe6 12.O-O O-O 13.f4 Nd7 14.b3 a5 15.Ba3 Nc5
16.e5 Qb6 17.exd6 Rfd8 18.Qg4 Nxd3 19.Qxe6+ Kh8 20.d7 Nc5 21.Bxc5 Qxc5 22.Rae1 d3+
23.Kh1 Qf5 24.Bh3 Qxe6 25.Bxe6 d2 26.Rd1 Bc3 27.Rf3 Bb4 28.a3 Bxa3 29.Rxd2 Be7
30.Kg2 Rf8 31.h4 Kg7 32.Re3 Bf6 33.Bg4 b5 34.Bf3 bxc4 35.bxc4 a4 36.Bxc6 Ra6
37.Bb5 Raa8 38.Ra3  1-0

[Event "OSS IM"]
[Site "Oslo NOR"]
[Date "2003.04.04"]
[Round "2"]
[White "Johannessen,S"]
[Black "Dannevig,O"]
[Result "0-1"]
[WhiteElo "2324"]
[BlackElo "2333"]

1.g3 e5 2.c4 Nf6 3.Nc3 d5 4.cxd5 Nxd5 5.Bg2 Nb6 6.Nf3 Nc6 7.O-O Be7 8.b4 Bxb4
9.Nxe5 Nxe5 10.Qb3 a5 11.a3 Be7 12.Rd1 O-O 13.d4 Nec4 14.a4 Kh8 15.Bf4 f5
16.Nb5 Nd6 17.Nc3 Re8 18.Be5 Bf8 19.f4 Nbc4 20.Rd3 Ra6 21.Ra2 Rb6 22.Qc2 c6
23.g4 Qh4 24.Rg3 fxg4 25.e4 Nxe5 26.fxe5 Nc4 27.Nd1 Rb4 28.Nf2 Qd8  0-1

[Event "National I"]
[Site "Besancon FRA"]
[Date "2003.04.05"]
[Round "5"]
[White "Koch,JR"]
[Black "Brochet,P"]
[Result "0-1"]
[WhiteElo "2479"]
[BlackElo "2392"]

1.c4 e5 2.g3 c6 3.d4 Bb4+ 4.Bd2 Bxd2+ 5.Qxd2 d6 6.Bg2 Nf6 7.e3 O-O 8.Nc3 Na6
9.Nge2 Qe7 10.O-O e4 11.h3 Nc7 12.f3 exf3 13.Rxf3 d5 14.cxd5 Ncxd5 15.Kh2 Re8
16.Nxd5 Nxd5 17.Nf4 Nxe3 18.Bh1 Bd7 19.Rf2 Qd6 20.d5 Qh6 21.dxc6 Bxc6 22.Bxc6 Ng4+
23.Kg1 Nxf2 24.Bxe8 Nxh3+ 25.Kg2 Nxf4+ 26.Qxf4 Qxf4 27.gxf4 Rxe8 28.Rc1 g6
29.Kf3 Re7 30.a4 a5 31.Rc8+ Kg7 32.Rb8 h6 33.Ra8 b6 34.Rb8 Re6 35.Rb7 g5
36.fxg5 hxg5 37.b3 Rc6 38.Ke4 Rf6 39.Rb8 g4 40.Rd8 g3 41.Rd2 Rg6 42.Rg2 Kh6
43.Kf3 Kh5 44.Rg1 g2  0-1

[Event "National I"]
[Site "Bordeaux FRA"]
[Date "2003.04.05"]
[Round "5"]
[White "Giffard,N"]
[Black "Leriche,E"]
[Result "1-0"]
[WhiteElo "2317"]
[BlackElo "2316"]

1.c4 e5 2.g3 d6 3.Bg2 f5 4.Nc3 Nf6 5.d3 Be7 6.Nf3 O-O 7.O-O a5 8.Rb1 Nbd7
9.a3 Nh5 10.e3 Ndf6 11.b4 axb4 12.axb4 Qe8 13.Bb2 h6 14.Qc2 Bd8 15.Nd2 Qg6
16.d4 e4 17.d5 Ng4 18.Nb5 Nhf6 19.Ra1 Rxa1 20.Rxa1 Nxf2 21.Kxf2 Ng4+ 22.Kg1 Nxe3
23.Qb1 c6 24.Nd4 cxd5 25.cxd5 Bb6 26.Kh1 Qh5 27.Qg1 Nxd5 28.Nc4 Bc7 29.Nb5 Qg6
30.Rd1 Qe6 31.Qd4  1-0

[Event "XII It II"]
[Site "Dos Hermanas ESP"]
[Date "2003.04.05"]
[Round "8"]
[White "Matamoros Franco,C"]
[Black "Fernandez Romero,Ern"]
[Result "1/2-1/2"]
[WhiteElo "2461"]
[BlackElo "2396"]

1.c4 e5 2.g3 Nf6 3.Bg2 c6 4.d4 Bb4+ 5.Bd2 Bxd2+ 6.Qxd2 d6 7.Nc3 O-O 8.e3 Be6
9.b3 exd4 10.Qxd4 d5 11.cxd5 Nxd5 12.Nxd5 Bxd5 13.Bxd5 cxd5 14.Ne2 Nc6 15.Qd2 Qf6
16.O-O Rfd8 17.Nd4 Nxd4 18.Qxd4 Qxd4 19.exd4  1/2-1/2

[Event "National I"]
[Site "Bordeaux FRA"]
[Date "2003.04.06"]
[Round "6"]
[White "Komarov,D"]
[Black "Gerard,N"]
[Result "1-0"]
[WhiteElo "2560"]
[BlackElo "2243"]

1.c4 e5 2.g3 Nf6 3.Bg2 d5 4.cxd5 Nxd5 5.Nc3 Nxc3 6.bxc3 Bc5 7.Qa4+ Nd7 8.d4 Bd6
9.Nf3 O-O 10.O-O Qe7 11.Qc2 f5 12.e4 fxe4 13.Ng5 Nf6 14.Nxe4 Nxe4 15.Bxe4 h6
16.Bxb7 Bxb7 17.Qb3+ Kh8 18.Qxb7 Qf7 19.Be3 Qc4 20.Qb3 Qa6 21.Qd5 Rab8 22.c4 exd4
23.Bxd4 Be7 24.Rfe1 Bf6 25.Qc5 Bxd4 26.Qxd4 Rf7 27.Re2 Qf6 28.Rd1 Qxd4 29.Rxd4 Rb4
30.h4 c5 31.Rd8+ Kh7 32.h5 Rf5 33.g4 Rf4 34.Ree8 Rxg4+ 35.Kf1 Rb1+  1-0

[Event "FSGM April"]
[Site "Budapest HUN"]
[Date "2003.04.09"]
[Round "5"]
[White "Dub,Z"]
[Black "Ovsejevitsch,S"]
[Result "1/2-1/2"]
[WhiteElo "2358"]
[BlackElo "2493"]

1.c4 e5 2.g3 Nc6 3.Bg2 g6 4.Nc3 Bg7 5.e4 d6 6.Nge2 f5 7.d3 Nf6 8.O-O O-O
9.Nd5 Be6 10.Bg5 Qd7 11.Rc1 Kh8 12.Bxf6 Bxf6 13.Nxf6 Rxf6 14.d4 exd4 15.Nxd4 fxe4
16.Nxc6 bxc6 17.Bxe4 Raf8 18.Qd2  1/2-1/2

[Event "ch-POLJ u20 w"]
[Site "Jarnoltowek POL"]
[Date "2003.04.09"]
[Round "4"]
[White "Pokojska,D"]
[Black "Socha,A"]
[Result "1/2-1/2"]
[WhiteElo "2127"]
[BlackElo "2108"]

1.c4 e5 2.g3 c6 3.Bg2 d5 4.cxd5 cxd5 5.Qb3 Nf6 6.Nc3 Nc6 7.d3 Nd4 8.Qd1 Be6
9.Bg5 Be7 10.Nf3 Nxf3+ 11.Bxf3 O-O 12.O-O Qd7 13.Rc1 Rac8 14.Qa4 Rc6 15.Bxf6 Bxf6
16.Qa5 Rfc8 17.Rb1 Bd8 18.Qa4 f5 19.e4 fxe4 20.dxe4 d4 21.Nd5 Bh3 22.Rfd1 Qf7
23.Qb3 Kh8 24.Nb4 Be6 25.Nd5 Bg5 26.Bg2 Rf8 27.Rf1 b6 28.Qa4 Rfc8 29.f4 Rc4
30.Qd1 exf4 31.gxf4 Bf6 32.b3 Rc2 33.Nb4 R2c7 34.f5 Bd7 35.Nd5 Rc2 36.Nb4 R2c5
37.Nd3 Rc2 38.e5 Bg5 39.e6 Rxg2+ 40.Kxg2 Bc6+ 41.Kh3 Qf6 42.Qg4 Bb5 43.Rbd1 Rc3
44.Rf3 Bc6 45.Rff1 Bb5 46.Rf3 Bc6 47.Rff1 Bb5 48.Rf3 Bc6 49.Rff1  1/2-1/2

[Event "Classics IM"]
[Site "Gausdal NOR"]
[Date "2003.04.10"]
[Round "10"]
[White "Leer Salvesen,B"]
[Black "Hoogendoorn,J"]
[Result "1/2-1/2"]
[WhiteElo "2331"]
[BlackElo "2429"]

1.c4 e5 2.g3 Nf6 3.Bg2 d5 4.cxd5 Nxd5 5.Nf3 Nc6 6.O-O Nb6 7.Nc3 Be7 8.d3 O-O
9.Be3 Re8 10.Rc1 Bf8 11.Na4 Nd4 12.Nc5 Bxc5 13.Rxc5 Qd6 14.b4 c6 15.Nxd4 exd4
16.Bf4 Qf6 17.e4 dxe3 18.fxe3 Nd5 19.Rxd5 cxd5 20.Bxd5 Bh3 21.Rf2 Rad8 22.Bc4 Re7
23.Bc7 Qxf2+ 24.Kxf2 Rxc7 25.Qh5 Bc8 26.Qe5 Rc6 27.Qa5 Rb6 28.a3 Bh3 29.Qxa7 Rf6+
30.Ke1 b6 31.e4 h5 32.Kd2 Bg4 33.Kc3 Bd1 34.e5 Rf2 35.b5 Rc2+ 36.Kb4 Rb2+
37.Kc3 Rc2+  1/2-1/2

[Event "FSGM April"]
[Site "Budapest HUN"]
[Date "2003.04.11"]
[Round "7"]
[White "Dub,Z"]
[Black "Seres,L"]
[Result "0-1"]
[WhiteElo "2358"]
[BlackElo "2440"]

1.c4 e5 2.g3 Nf6 3.Bg2 d5 4.cxd5 Nxd5 5.Nf3 Nc6 6.O-O Nb6 7.d3 Be7 8.Nbd2 O-O
9.a3 a5 10.b3 Be6 11.Bb2 f6 12.Qc2 Rf7 13.Rfd1 Bf8 14.e3 Bf5 15.Nc4 Rc8 16.Qc3 Rd7
17.Ne1 Nd5 18.Qd2 Bg4 19.Rdc1 Ra8 20.h3 Bh5 21.g4 Bg6 22.Qe2 Ra6 23.Rd1 Bc5
24.Be4 Qe7 25.Qf3 Bxe4 26.Qxe4 Nd8 27.Nf3 Ne6 28.Kf1 Ba7 29.d4 exd4 30.Nxd4 Nxd4
31.Qxe7 Nxe7 32.Bxd4 Bxd4 33.Rxd4 Rxd4 34.exd4 a4 35.b4 Nd5 36.Rc1 Re6 37.b5 Re4
38.b6 Rxd4 39.bxc7 Nxc7 40.Ne5 Ne6 41.Rc8+ Rd8 42.Rxd8+ Nxd8 43.Nd3 Nc6 44.Ke2 Nd4+
45.Kd2 Nb5 46.Nc5 Nxa3 47.Nxa4 Nc4+ 48.Kc3 Nd6 49.Kd4 Kf7 50.f4 b5 51.Nc5 b4
52.Nd3 b3 53.Kc3 Ke6 54.Kxb3 Kd5  0-1

[Event "FSIMB April"]
[Site "Budapest HUN"]
[Date "2003.04.14"]
[Round "10"]
[White "Werner,Di"]
[Black "Lehmann,Ho"]
[Result "1/2-1/2"]
[WhiteElo "2359"]
[BlackElo "2222"]

1.g3 e5 2.c4 Nc6 3.Bg2 g6 4.Nc3 Bg7 5.e3 h5 6.h3 d6 7.Nge2 Nh6 8.Rb1 a5 9.a3 Bf5
10.d3 Qd7 11.b4 axb4 12.axb4 O-O 13.b5 Nd8 14.Nd5 Be6 15.e4 Bxd5 16.cxd5 c5
17.bxc6 bxc6 18.dxc6 Nxc6 19.O-O Kh7 20.Nc3 Nd4 21.Nd5 Ra2 22.Be3 Ne2+ 23.Kh1 f5
24.Bxh6 Bxh6 25.exf5 Qxf5 26.Rb7+ Kh8 27.Ne7 Qf6 28.Re1 Rd2 29.Qb3 Nd4 30.Qd5 Rxf2
31.Qe4 Nf5 32.Nxf5 Qxf5 33.Ra1 Rc8 34.Qxf5 gxf5 35.Raa7 Rc1+ 36.Kh2 Bf8  1/2-1/2

[Event "IM"]
[Site "Evry FRA"]
[Date "2003.04.14"]
[Round "5"]
[White "Velikov,P"]
[Black "Barletta,D"]
[Result "1-0"]
[WhiteElo "2435"]
[BlackElo "2214"]

1.g3 e5 2.c4 Nc6 3.Bg2 g6 4.Nc3 Bg7 5.d3 d6 6.Rb1 Nge7 7.e3 O-O 8.Nge2 Bf5
9.e4 Be6 10.O-O Nd4 11.Nxd4 exd4 12.Ne2 a5 13.b3 Bd7 14.Bd2 b5 15.c5 b4 16.Rc1 Bb5
17.Bg5 h6 18.cxd6 cxd6 19.Bxe7 Qxe7 20.Qd2 Rac8 21.Bh3 Rc3 22.Nxc3 dxc3 23.Qe3 Qe5
24.d4 Qxd4 25.Qxd4 Bxd4 26.Rfe1 Rd8 27.Bf1 Bc6 28.Bc4 Re8 29.Bd3 Kf8 30.Rcd1 Bc5
31.Kg2 a4 32.f3 Ra8 33.Bc4 axb3 34.axb3 Ra2+ 35.Re2 Rxe2+ 36.Bxe2 Be3 37.Bd3 d5
38.exd5 Bxd5 39.Bc2 Bd2 40.Ra1 Ke7 41.Ra4 Kf6 42.Rxb4 Ke5 43.Kf2 h5 44.Ke2 Kd6
45.Be4 Be6 46.Rb8 Bg5 47.f4 Bf6 48.Kd3 Bg4 49.Rb6+ Ke7 50.b4 Bd1 51.Rxf6 Kxf6
52.Kxc3 g5 53.b5 Be2 54.b6 Ba6 55.Kd4  1-0

[Event "XXXIV Open"]
[Site "Mar del Plata ARG"]
[Date "2003.04.18"]
[Round "8"]
[White "Arambel,S"]
[Black "Rosito,J"]
[Result "0-1"]
[WhiteElo "2245"]
[BlackElo "2410"]

1.c4 e5 2.g3 Nc6 3.Bg2 g6 4.Nc3 Bg7 5.e4 d6 6.d3 f5 7.Nge2 Nf6 8.h3 O-O 9.Be3 Be6
10.Nd5 Qd7 11.Qd2 Nd8 12.Rc1 Nh5 13.exf5 gxf5 14.f4 c6 15.Ndc3 Qf7 16.O-O Qg6
17.Kh2 Bf7 18.b4 Ne6 19.b5 Nd4 20.bxc6 bxc6 21.Bf2 Rae8 22.Rfe1 c5 23.Nd5 Nxe2
24.Rxe2 Bh6 25.Bf3 Bxd5 26.Bxd5+ Kh8 27.Qb2 Nxf4 28.gxf4 Bxf4+ 29.Kh1 Qh6  0-1

[Event "FSGM May"]
[Site "Budapest HUN"]
[Date "2003.05.03"]
[Round "1"]
[White "Kelly,B"]
[Black "Turov,M"]
[Result "1/2-1/2"]
[WhiteElo "2468"]
[BlackElo "2531"]

1.c4 e5 2.g3 Nf6 3.Bg2 d5 4.cxd5 Nxd5 5.Nf3 Nc6 6.O-O Be7 7.d4 exd4 8.Nxd4 Nxd4
9.Qxd4 Nf6 10.Qa4+ c6 11.Rd1 Qb6 12.Nc3 O-O 13.Qc2 Be6 14.Be3 Qa5 15.Ne4 Rfd8  1/2-1/2

[Event "FSGM May"]
[Site "Budapest HUN"]
[Date "2003.05.07"]
[Round "5"]
[White "Kelly,B"]
[Black "Szeberenyi,A"]
[Result "1/2-1/2"]
[WhiteElo "2468"]
[BlackElo "2401"]

1.c4 e5 2.g3 Nf6 3.Bg2 d5 4.cxd5 Nxd5 5.Nf3 Nc6 6.O-O Be7 7.d4 e4 8.Ne5 f5
9.Nxc6 bxc6 10.Nd2 Be6 11.Nc4 O-O 12.Na5 Qd6 13.Qa4 c5 14.Nb7 Nb6 15.Qc2 Qxd4
16.Be3 Qc4 17.Rfc1 Qxc2 18.Rxc2 c4 19.f3 Bd5 20.Bc5 Rae8 21.Bxe7 Rxe7 22.Na5 Rf6
23.Rd1 Rd6 24.Rdc1 exf3 25.Bxf3 Re5 26.Bxd5+ Rdxd5 27.b4 Re4 28.Kf2 Re6 29.Nxc4 Nxc4
30.Rxc4 Rd2 31.Re1 Rxa2 32.Rxc7 a6 33.Kf3 h6 34.Rc5 Rb2  1/2-1/2

[Event "FSIMB May"]
[Site "Budapest HUN"]
[Date "2003.05.08"]
[Round "6"]
[White "Kaposztas,M"]
[Black "Mercier,JP"]
[Result "1/2-1/2"]
[WhiteElo "2268"]
[BlackElo "2273"]

1.c4 e5 2.g3 Nc6 3.Bg2 f5 4.Nc3 Nf6 5.e3 Be7 6.Nge2 O-O 7.O-O Qe8 8.Nd5 Bd8
9.d4 d6 10.Rb1 Kh8 11.b4 a6 12.a4 Nxd5 13.cxd5 Ne7 14.dxe5 dxe5 15.Bb2 Ng6
16.f4 Bd7 17.Nc3 Be7 18.Qb3 Bd6 19.Kh1 b6 20.Rfe1 Qe7 21.Na2 Rae8 22.Bc3 h6
23.Bf1 Bc8 24.Bd2 Rg8 25.Bc4 Bb7 26.Rg1 Qf7 27.Qd3 Kh7 28.Nc3 exf4  1/2-1/2

[Event "Capablanca Mem Mixto"]
[Site "Havana CUB"]
[Date "2003.05.11"]
[Round "6"]
[White "Baron Isanta,J"]
[Black "Vasquez Ramirez,R"]
[Result "1-0"]
[WhiteElo "2299"]
[BlackElo "2269"]

1.c4 e5 2.g3 f5 3.Bg2 Nf6 4.Nc3 d6 5.d4 Nbd7 6.Nh3 c6 7.O-O Be7 8.dxe5 Nxe5
9.b3 O-O 10.e3 Kh8 11.Bb2 Be6 12.Qc2 Qd7 13.Ng5 Bg8 14.Rad1 h6 15.Nf3 Nxf3+
16.Bxf3 Bh7 17.Qd2 Rad8 18.Qd4 a6 19.Bg2 Rf7 20.h3 Ne4 21.Nxe4 fxe4 22.Ba3 d5
23.Bxe7 Qxe7 24.Rd2 b5 25.Qb6 Qc7 26.Qxa6 bxc4 27.bxc4 d4 28.Rxd4 Rxd4 29.exd4 e3
30.Qa8+ Bg8 31.Qxc6 exf2+ 32.Rxf2 Qxg3 33.Rxf7 Bxf7 34.Qc8+ Kh7 35.Qf5+ Bg6
36.Qe5 Qa3 37.c5 Qxa2 38.c6 Qc4 39.c7 Qc3 40.Kh2 h5 41.Qc5  1-0

[Event "FSGM May"]
[Site "Budapest HUN"]
[Date "2003.05.14"]
[Round "12"]
[White "Burnett,R"]
[Black "Szeberenyi,A"]
[Result "1-0"]
[WhiteElo "2442"]
[BlackElo "2401"]

1.c4 e5 2.g3 Nf6 3.Bg2 d5 4.cxd5 Nxd5 5.Nc3 Nb6 6.Nf3 Nc6 7.a4 a5 8.O-O Be7
9.Nb5 Be6 10.d4 e4 11.Ne5 f6 12.Bxe4 fxe5 13.d5 Bh3 14.dxc6 Bxf1 15.Qxf1 O-O
16.cxb7 Rb8 17.Be3 Nd5 18.Qh3 Nf6 19.Bc6 h5 20.Ba7 Ng4 21.f3 Rf6 22.Be4 c6
23.fxg4 Rxb7 24.g5 Rxa7 25.gxf6 Bc5+ 26.Kg2 cxb5 27.Qe6+ Rf7 28.Bd5 Qxf6
29.Qxf6 gxf6 30.axb5 Bb6 31.Rc1 Kg7 32.Bxf7  1-0

[Event "28th Elekes Mem IM"]
[Site "Budapest HUN"]
[Date "2003.05.21"]
[Round "5"]
[White "Vigorito,D"]
[Black "Howell,D"]
[Result "1-0"]
[WhiteElo "2298"]
[BlackElo "2251"]

1.c4 e5 2.g3 Nc6 3.Bg2 g6 4.Nc3 Bg7 5.e4 d6 6.Nge2 f5 7.d3 Nf6 8.O-O O-O
9.Nd5 Ne7 10.Be3 Nexd5 11.cxd5 f4 12.gxf4 Ng4 13.h3 exf4 14.Bxf4 Rxf4 15.Nxf4 Be5
16.Ne6 Bxe6 17.dxe6 Nh2 18.f4 Nxf1 19.fxe5 Ne3 20.Qf3 Nxg2 21.Qf7+ Kh8 22.e7 Qg8
23.Qf6+ Qg7 24.Rf1 Rg8 25.Kxg2 dxe5 26.Qf8  1-0

[Event "28th Elekes Mem GM"]
[Site "Budapest HUN"]
[Date "2003.05.25"]
[Round "9"]
[White "Horvath,Jo"]
[Black "Galyas,M"]
[Result "1/2-1/2"]
[WhiteElo "2507"]
[BlackElo "2413"]

1.c4 e5 2.g3 Nf6 3.Bg2 Nc6 4.Nc3 Bc5 5.a3 a5 6.e3 O-O 7.Nge2 d6 8.d4 Bb6
9.O-O Bf5 10.h3 Re8 11.d5 Nb8 12.e4 Bg6 13.Rb1 c6 14.b4 axb4 15.axb4 cxd5
16.cxd5 Nbd7 17.Qd3 Qe7 18.Be3 Rec8 19.Nb5 Bd8 20.Na7 Rcb8 21.Ra1 Nb6 22.Nc3 Nc8
23.Nab5 Bb6 24.Na3 Qd8 25.Nc4 Bxe3 26.Qxe3 Qc7 27.Na5 Qb6 28.Qxb6 Nxb6 29.Rfc1 Rc8
30.f3 Ne8 31.h4 f5 32.Bh3 Nf6 33.Kf2 Rc7 34.h5 Bxh5 35.Bxf5 Be8 36.Ne2 Re7
37.Ra3 Na4 38.Nc3 Rc7 39.Ne2 Re7 40.Ra2 Bb5 41.Rac2 b6 42.Nc6 Ree8 43.Ra1 Bxe2
44.Rxe2 Nc3 45.Ree1 g6 46.Bh3 Kg7 47.Rec1 Nb5 48.Bf1 Nd4 49.Nxd4 exd4 50.Bb5 Rf8
51.Kg2 g5 52.g4 h5 53.Rc7+ Kh6 54.Rxa8 Rxa8 55.gxh5 Nxh5 56.Rd7 Ra2+ 57.Kh3 d3
58.Rxd6+ Kg7 59.Bxd3 Nf4+ 60.Kg4 Nxd3 61.Kxg5 Ne5 62.Kf4 Nd3+ 63.Kf5 Rf2
64.e5 Rxf3+ 65.Ke4 Rh3 66.Rxb6 Nxb4 67.d6 Rh4+ 68.Kf5 Rh5+ 69.Ke6 Nd3 70.Rb7+ Kg6
71.Rb5 Nf4+ 72.Kd7 Rh7+ 73.Kc6 Kf5 74.e6+ Kxe6 75.Rb1 Ng6 76.Re1+ Ne5+ 77.Rxe5+ Kxe5
78.d7 Rh8 79.Kc7 Ke6 80.d8=Q Rxd8 81.Kxd8  1/2-1/2

[Event "TCh-NOR"]
[Site "Asker NOR"]
[Date "2003.06.01"]
[Round "5"]
[White "Lie,K"]
[Black "Hagesaether,P"]
[Result "1-0"]
[WhiteElo "2430"]
[BlackElo "2279"]

1.c4 e5 2.g3 g6 3.Bg2 Bg7 4.Nc3 f5 5.d3 Nf6 6.e4 d6 7.exf5 gxf5 8.Nge2 O-O
9.O-O c6 10.d4 e4 11.Nf4 d5 12.Qb3 dxc4 13.Qxc4+ Kh8 14.Be3 Nbd7 15.Qb3 Nb6
16.Rac1 Nfd5 17.Ncxd5 Nxd5 18.Nxd5 Be6 19.Qxb7 Bxd5 20.Qb4 Qe8 21.Bf4 a5
22.Qa4 Rf7 23.b3 Rb7 24.Rc5 Rb4 25.Qa3 Qd8 26.Be5 Rxd4 27.Bxd4 Bxd4 28.Rc2 Qg5
29.Rd1 Bb6 30.Qd6 Rd8 31.Qe5+ Kg8 32.Bf1 e3 33.Rxd5 exf2+ 34.Kg2 Rxd5 35.Bc4 Qe3
36.Bxd5+ cxd5 37.Rc8+ Kf7 38.Rc7+  1-0

[Event "Golden Cleopatra"]
[Site "Cairo EGY"]
[Date "2003.06.04"]
[Round "4"]
[White "Van Hoolandt,P"]
[Black "Ibrahim,M"]
[Result "1-0"]
[WhiteElo "2298"]
[BlackElo "2129"]

1.c4 e5 2.g3 Nf6 3.Bg2 Nc6 4.Nf3 Bc5 5.O-O d6 6.d3 h6 7.a3 a6 8.b4 Ba7 9.Bb2 O-O
10.Nc3 Be6 11.h3 Ne7 12.Kh2 c6 13.e4 Nd7 14.Qe2 f5 15.Rad1 g5 16.exf5 Nxf5
17.d4 Qe8 18.dxe5 Nxe5 19.Nxe5 dxe5 20.c5 Bb3 21.Rd2 Nd4 22.Qe3 Rd8 23.Ne4 Bc4
24.Rc1 Qe6 25.Nd6 Rxd6 26.Rxc4 Qxc4 27.cxd6 Nf3+ 28.Qxf3 Rxf3 29.Bxf3 Bb6
30.Bxe5 Kf7 31.Bh5+ Ke6 32.Bb2 Bd8 33.Bg4+ Kf7 34.Be2 Qb3 35.Bh5+ Ke6 36.Bg4+ Kf7
37.d7 b6 38.Re2  1-0

[Event "Golden Cleopatra"]
[Site "Cairo EGY"]
[Date "2003.06.09"]
[Round "8"]
[White "Van Hoolandt,P"]
[Black "Hamed,As"]
[Result "1-0"]
[WhiteElo "2298"]
[BlackElo "2088"]

1.c4 e5 2.g3 Nc6 3.Bg2 Nf6 4.Nf3 g6 5.Nc3 Bg7 6.O-O O-O 7.d3 h6 8.Rb1 a5
9.a3 d6 10.b4 axb4 11.axb4 Be6 12.b5 Ne7 13.Bb2 Qd7 14.Re1 Bh3 15.Bh1 Ng4
16.d4 Qe6 17.Qd3 f5 18.Nd5 Nxd5 19.cxd5 Qxd5 20.dxe5 Qxd3 21.exd3 Ra2 22.Nd4 Rxb2
23.Rxb2 Bxe5 24.Bd5+ Kh8 25.Ne6 Re8 26.Nf4 Rd8 27.Nxg6+ Kg7 28.Nxe5 dxe5
29.Bxb7 Rxd3 30.Bg2 Bxg2 31.Kxg2 e4 32.Rc1 Ne5 33.Rxc7+ Kg6 34.Rc1 Rd8 35.Rcb1 Nc4
36.Rc2 Na5 37.b6 Rb8 38.Rc7  1-0

[Event "TCh-BIH"]
[Site "Jahorina BIH"]
[Date "2003.06.21"]
[Round "1"]
[White "Goric,E"]
[Black "Predojevic,B"]
[Result "1-0"]
[WhiteElo "2329"]
[BlackElo "2430"]

1.c4 e5 2.g3 Nf6 3.Bg2 c6 4.Qc2 d5 5.d3 dxc4 6.Qxc4 Be6 7.Qc2 Bd5 8.Nf3 e4
9.dxe4 Bxe4 10.Qb3 Na6 11.O-O Nc5 12.Qe3 Ne6 13.Nc3 Bc5 14.Qd2 Qxd2 15.Bxd2 Rd8
16.Nxe4 Nxe4 17.Ba5 Bb6 18.Bxb6 axb6 19.Ne5 Nd6 20.Rfd1 Ke7 21.Rac1 b5 22.Nd3 Ra8
23.a3 Rhd8 24.h4 Nc4 25.Kf1 Nb6 26.Bh3 Na4 27.Bxe6 fxe6 28.Ke1 Rd5 29.Rc2 e5
30.e4 Rd4 31.f3 Rad8 32.Ke2 Kf6 33.Nf2 Rxd1 34.Nxd1 Rd4 35.Nf2 b4 36.axb4 Rxb4
37.Nd3 Rb3 38.f4 exf4 39.gxf4 c5 40.Nxc5 Nxc5 41.Rxc5 Rxb2+ 42.Ke3 Rb3+ 43.Kd4 Rb4+
44.Kd5 Rb1 45.e5+ Kf5 46.Kd6 b6 47.Rd5 Re1 48.Ke7 Kxf4 49.e6 g6 50.Kf6 h6
51.e7 Rxe7 52.Kxe7 g5 53.h5 g4 54.Kf6 g3 55.Kg6 g2 56.Rd1  1-0

[Event "2nd NAO GM"]
[Site "Paris FRA"]
[Date "2003.06.25"]
[Round "6"]
[White "Onkoud,A"]
[Black "Chabanon,JL"]
[Result "1/2-1/2"]
[WhiteElo "2326"]
[BlackElo "2492"]

1.c4 e5 2.g3 Nc6 3.Bg2 g6 4.Nc3 Bg7 5.d3 d6 6.e3 h5 7.h3 h4 8.g4 Nh6 9.Nge2 f5
10.gxf5 Bxf5 11.b4 Nxb4 12.Qa4+ Nc6 13.Bxc6+ bxc6 14.Qxc6+ Bd7 15.Qg2 g5
16.Ne4 Nf7 17.Rb1 O-O 18.Rg1 c6 19.N2c3 d5 20.cxd5 cxd5 21.Nxg5 Qxg5 22.Qxg5 Nxg5
23.Rxg5 Bxh3 24.Nxd5 Rab8 25.Rxb8 Rxb8 26.f4 Be6 27.Nf6+ Kf7 28.Nh5 Bh6 29.Rxe5 Rb1
30.Kd2 Ra1 31.f5 Rxa2+ 32.Kc3 Bd7 33.Rd5 Ba4 34.Ra5 h3 35.Rxa7+ Kf8 36.Ra8+ Kf7
37.Ra7+ Kf8 38.Ra8+ Kf7 39.Ra7+ Kf8  1/2-1/2